| 000 | 01261nam a22002894a 4500 | ||
|---|---|---|---|
| 001 | 513 | ||
| 003 | BR-RjBN | ||
| 005 | 20260520084933.0 | ||
| 008 | 090101s2009 sp 000 f por d | ||
| 020 | _a9788576792604 | ||
| 040 |
_bpor _aBR-IBIA _cBR-IBIA _erda |
||
| 041 | 1 |
_apor _heng |
|
| 082 |
_a028.5 _bF873c |
||
| 100 | 1 | _aFrench, Vivian. | |
| 240 | 1 | 0 | _aPrincess Katie and the Silver Pony. |
| 245 | 1 | 0 |
_aClube da tiara : _bprincesa Katie e o pônei prateado / _cVivian French. |
| 260 |
_aSão Paulo : _bNovo Século, _c2009. |
||
| 300 |
_a88 p. : _bil. ; _c21 cm. |
||
| 520 | _aAs seis amigas da Escola das Princesas descobrem que terão uma Aula de Desejos, acreditando que poderão utilizar a magia para conquistar pontos de tiara e garantir um lugar especial na Carruagem Concha do Mar. Porém, os planos da Princesa Perfeita acabam causando confusões e desafios inesperados. Em meio a aventuras e magia, as personagens aprendem importantes lições sobre amizade, responsabilidade, generosidade e confiança nos mais velhos. | ||
| 650 | 0 | _aLiteratura infantojuvenil inglesa. | |
| 650 | 0 | _aPrincesas. | |
| 650 | 0 |
_aMagia. _9785 |
|
| 650 | 0 |
_aAmizade. _9556 |
|
| 655 | 0 | _aLiteratura infantojuvenil. | |
| 655 | 0 |
_aFicção. _922 |
|
| 942 |
_2ddc _n0 _cBK |
||
| 999 |
_c513 _d513 |
||